حر ف ہنر :شا عر ی (Record no. 92546)

MARC details
000 -LEADER
fixed length control field 00671nam a22002177a 4500
005 - DATE AND TIME OF LATEST TRANSACTION
control field 20150326122632.0
008 - FIXED-LENGTH DATA ELEMENTS--GENERAL INFORMATION
fixed length control field 140714b xxu||||| |||| 00| 0 Urdu d
010 ## - LCCN (DPL NO)
LC control number UR-8797
020 q# - INTERNATIONAL STANDARD BOOK NUMBER
Terms of availability 200.00
International Standard Book Number 9788190354530
035 ## - SYSTEM CONTROL NUMBER
System control number U-7352
037 ## - SOURCE OF ACQUISITION
Source of stock number/acquisition DBAD/Pub.
040 ## - CATALOGING SOURCE
Original cataloging agency DPL
Language of cataloging Urdu
082 ## - DEWEY DECIMAL CLASSIFICATION NUMBER
Classification number 841
100 ## - MAIN ENTRY--PERSONAL NAME
Personal name ر فيق ا حمد ر فيق
245 ## - TITLE STATEMENT
Title حر ف ہنر :شا عر ی
Remainder of title ر فيق ا حمد ر فيق
246 ## - VARYING FORM OF TITLE
Title proper/short title Harf-e-Hunar
Remainder of title By Rafeeq Ahmed Rafeeq
260 ## - PUBLICATION, DISTRIBUTION, ETC. (IMPRINT)
Place of publication, distribution, etc Rajisthan
Name of publisher, distributor, etc Zaki Adib
Date of publication, distribution, etc 2013
270 ## - ADDRESS
Address Mastan Road Mohlla Bhushtian
City Bikaner
Postal code 334005
300 ## - PHYSICAL DESCRIPTION
Extent 128ص
Other physical details 22C.m.(PB)
942 ## - ADDED ENTRY ELEMENTS (KOHA)
Source of classification or shelving scheme Dewey Decimal Classification
Item type Urdu Bks
Classification part 841
Call number suffix ر ف ی
Holdings
Withdrawn status Lost status Source of classification or shelving scheme Damaged status Not for loan Collection code Home library Current library Date acquired Source of acquisition Cost, normal purchase price Total Checkouts Full call number Barcode Date last seen Copy number Cost, replacement price Koha item type
    Dewey Decimal Classification   Not For Loan Non-fiction D.B.Act.Division D.B.Act.Division 26/03/2015 DBAD/Pub. 200.00   841 ر ف ی U-7352 26/03/2015 1 200.00 Urdu Bks

© Delhi Public Library
Hit Counter
free hit counter